Movies Quiz

Random Movies or Disney Quiz

Disney Princess Movies Quiz Stats

 Plays Quiz not verified by Sporcle

Also try: Movies by Beards
Challenge
Share
Tweet
Embed
Score 0/10 Timer 05:00
0 Plays Today
Princess Movie % Correct
Cinderella Cinderella
100%
AuroraSleeping Beauty
99%
Snow WhiteSnow White and the Seven Dwarfs
98.5%
ArielThe Little Mermaid
98.5%
MulanMulan
98.5%
BelleBeauty and the Beast
98%
PocahontasPocahontas
98%
JasmineAladdin
97.6%
RapunzelTangled
96.6%
TianaThe Princess and the Frog
96.1%

You're not logged in!

Compare scores with friends on all Sporcle quizzes.
Join for Free
OR
Log In

You Might Also Like...

Show Comments

Extras

Created Aug 11, 2012ReportNominate
Tags:Disney Quiz, princess

Top Quizzes Today


Score Distribution

Your Account Isn't Verified!

In order to create a playlist on Sporcle, you need to verify the email address you used during registration. Go to your Sporcle Settings to finish the process.

Report this User

Report this user for behavior that violates our Community Guidelines.

Details: